Normal view
MARC view
- Guide Name:BNCA
Entry Personal Name
001 - CONTROL NUMBER
- control field: 210531
003 - CONTROL NUMBER IDENTIFIER
- control field: OSt
005 - DATE AND TIME OF LATEST TRANSACTION
- control field: 20250110171550.0
008 - FIXED-LENGTH DATA ELEMENTS
- fixed length control field: 250110|| aca||aabn | a|a d
040 ## - CATALOGING SOURCE
- Original cataloging agency: OSt
- Transcribing agency: OSt
100 ## - HEADING--PERSONAL NAME
- Personal name: Guide Name:BNCA
670 ## - SOURCE DATA FOUND
- Source citation: Work cat.: (OSt)363723: Tambe Nirupa S 182854, Landscape Development Proposal For Wetland Sewri Wetland Mumbai, 2015